000 00760nam a22002297a 4500
005 20111103153849.0
008 111103t xxu||||| |||| 00| 0 eng d
010 _aENG-104021
020 _a9788124116531
_c195.00
035 _aEN-87554
037 _bDBAD/PUB
040 _aDPL
_bEng
082 _a915.403
100 _935683
245 _aDictionary of geography
260 _aNew Delhi
_bHar-Anand Publications
_c2012
270 _aE-49/3, Okhla Industrial Area, Phase-II
_bNew Delhi
_e110020
300 _a208p.
_c22cm (pbk)
700 _935668
942 _2ddc
_cEN
_h915.403
_mDIC
999 _c58072
_d58072